[Event "EU-ch (Women) 2nd"]
[Site "Warsaw"]
[Date "2001.04.29"]
[Round "7"]
[White "Kosteniuk, Alexandra"]
[Black "Graf, Rena"]
[Result "1-0"]
[WhiteElo "2397"]
[BlackElo "2353"]
[PlyCount "85"]
[EventDate "2001.04.22"]
[EventType "swiss"]
[EventRounds "11"]
[EventCountry "POL"]
[SourceTitle "CBM 082 Extra"]
[Source "ChessBase"]
[SourceDate "2001.07.03"]
[SourceVersion "1"]
[SourceVersionDate "2001.07.03"]
[SourceQuality "1"]

1. e4 e6 2. d4 d5 3. Nd2 a6 4. Ngf3 c5 5. dxc5 Bxc5 6. Bd3 Nc6 7. 0-0 Nge7 8. exd5 exd5 9. Nb3 Bb6 10. Re1 0-0 11. Be3 Bc7 12. h3 h6 13. c3 Qd6 14. Qc2 Qf6 15. Nbd4 Bd7 16. a4 Rfe8 17. b4 Rac8 18. Qd1 Ne5 19. Nxe5 Bxe5 20. Rc1 Nc6 21. Ne2 Bf5 22. Bc2 Red8 23. Bxf5 Qxf5 24. Bb6 Rd6 25. Bc5 Rg6 26. Kf1 Rd8 27. Nd4 Qg5 28. Qf3 Rf6 29. Qg4 Qxg4 30. hxg4 Bxd4 31. cxd4 Rf4 32. Rcd1 Rxg4 33. b5 Nb8 34. Bb6 Rc8 35. Re7 axb5 36. axb5 Rg6 37. Rxb7 Re6 38. Re1 Rd6 39. Bc7 Rd7 40. Rc1 Rdd8 41. Bxd8 Rxc1+ 42. Ke2 Rc8 43. Bb6 1-0

[Event "EU-ch (Women) 2nd"]
[Site "Warsaw"]
[Date "2001.04.26"]
[Round "5"]
[White "Graf, Rena"]
[Black "Prudnikova, Svetlana"]
[Result "1/2-1/2"]
[WhiteElo "2353"]
[BlackElo "2419"]
[PlyCount "107"]
[EventDate "2001.04.22"]
[EventType "swiss"]
[EventRounds "11"]
[EventCountry "POL"]
[SourceTitle "CBM 082 Extra"]
[Source "ChessBase"]
[SourceDate "2001.07.03"]
[SourceVersion "1"]
[SourceVersionDate "2001.07.03"]
[SourceQuality "1"]

1. d4 Nf6 2. c4 e6 3. Nc3 Bb4 4. e3 0-0 5. Nge2 d5 6. a3 Be7 7. cxd5 exd5 8. b4 c6 9. Ng3 b5 10. Bd2 a5 11. bxa5 Rxa5 12. a4 b4 13. Na2 c5 14. dxc5 Bxc5 15. Nxb4 d4 16. Nd3 dxe3 17. fxe3 Re8 18. Bxa5 Qxa5+ 19. Qd2 Qxd2+ 20. Kxd2 Bxe3+ 21. Kc2 Nc6 22. Nb2 Nd4+ 23. Kb1 Nd5 24. Ra3 Bd2 25. Nd1 Re1 26. Bb5 Nc3+ 27. Rxc3 Bxc3 28. Rxe1 Bxe1 29. Kb2 g6 30. Ne2 Nxb5 31. axb5 Bb7 32. g3 f5 33. Ndc3 g5 34. Kc2 Kf7 35. Kd3 Kf6 36. Na4 Bf2 37. Nb2 Be4+ 38. Kc3 Bf3 39. Nd4 Bg2 40. Nd3 Bg1 41. Ne1 Be4 42. Nef3 Bf2 43. Kd2 f4 44. gxf4 gxf4 45. Ke2 Be3 46. Nc6 h6 47. Nce5 Kf5 48. Nf7 Bd5 49. Nxh6+ Kg6 50. Ng4 Bc4+ 51. Ke1 Bxb5 52. Nxe3 fxe3 53. Nd4 Ba6 54. Ne2 1/2-1/2

[Event "EU-ch (Women) 2nd"]
[Site "Warsaw"]
[Date "2001.04.25"]
[Round "4"]
[White "Stefanova, Antoaneta"]
[Black "Graf, Rena"]
[Result "1/2-1/2"]
[WhiteElo "2473"]
[BlackElo "2353"]
[PlyCount "111"]
[EventDate "2001.04.22"]
[EventType "swiss"]
[EventRounds "11"]
[EventCountry "POL"]
[SourceTitle "CBM 082 Extra"]
[Source "ChessBase"]
[SourceDate "2001.07.03"]
[SourceVersion "1"]
[SourceVersionDate "2001.07.03"]
[SourceQuality "1"]

1. Nf3 d5 2. g3 c6 3. Bg2 Bg4 4. 0-0 Nd7 5. d3 e6 6. Nbd2 Ngf6 7. Qe1 Be7 8. e4 0-0 9. e5 Ne8 10. Nd4 Qb6 11. N4b3 a5 12. a4 Bb4 13. Kh1 f6 14. f3 Bf5 15. g4 Bg6 16. exf6 Rxf6 17. f4 Nc7 18. Qe2 Bd6 19. Nf3 Bxf4 20. Bxf4 Rxf4 21. Ne5 Rxf1+ 22. Rxf1 Nxe5 23. Qxe5 Rf8 24. Rxf8+ Kxf8 25. Qd6+ Kf7 26. h4 Ne8 27. Qd7+ Kf8 28. d4 Qc7 29. Qxe6 b6 30. Nd2 Qf4 31. Nf3 Be4 32. Ng1 Bxg2+ 33. Kxg2 Qxd4 34. Nh3 Qf6 35. Qc8 c5 36. Ng5 Qg6 37. c3 h6 38. Nf3 Qe4 39. g5 hxg5 40. hxg5 d4 41. cxd4 cxd4 42. Qc4 Nd6 43. Qxd4 Qxd4 44. Nxd4 Ne4 45. Kf3 Nxg5+ 46. Kf4 Nf7 47. Ne6+ Ke7 48. Nxg7 Kd6 49. Ne8+ Kc5 50. Nc7 Nd6 51. b3 Nc8 52. Na6+ Kd4 53. b4 axb4 54. Nxb4 Kc4 55. Nc6 Kc5 56. Ne5 1/2-1/2

[Event "EU-ch (Women) 2nd"]
[Site "Warsaw"]
[Date "2001.04.22"]
[Round "1"]
[White "Graf, Rena"]
[Black "Zawadzka, Beata"]
[Result "1-0"]
[WhiteElo "2353"]
[BlackElo "2164"]
[PlyCount "99"]
[EventDate "2001.04.22"]
[EventType "swiss"]
[EventRounds "11"]
[EventCountry "POL"]
[SourceTitle "CBM 082 Extra"]
[Source "ChessBase"]
[SourceDate "2001.07.03"]
[SourceVersion "1"]
[SourceVersionDate "2001.07.03"]
[SourceQuality "1"]

1. d4 Nf6 2. c4 c5 3. d5 b5 4. cxb5 a6 5. e3 g6 6. Nc3 Bg7 7. Nf3 d6 8. Bc4 0-0 9. a4 axb5 10. Bxb5 Ba6 11. Rb1 Bxb5 12. axb5 Nbd7 13. 0-0 Nb6 14. e4 Nfd7 15. Qc2 Ra7 16. Bf4 Qa8 17. Rbe1 f6 18. h4 Na4 19. h5 Nxc3 20. bxc3 Nb6 21. hxg6 hxg6 22. Be3 Ra2 23. Qd3 Qa4 24. Nd2 Qc2 25. Qxc2 Rxc2 26. Rc1 Rxc1 27. Rxc1 Ra8 28. f4 Bh6 29. Kf2 Ra5 30. c4 Ra3 31. g3 Kf7 32. Ke2 f5 33. e5 Bg7 34. Nf3 Ra4 35. Kd3 Bh6 36. Rc3 Ra2 37. Nd2 Bg7 38. Nf3 Na4 39. Ng5+ Ke8 40. Rc2 Nb2+ 41. Ke2 Na4 42. Rxa2 Nc3+ 43. Kd2 Nxa2 44. Ne6 Bh6 45. exd6 exd6 46. Kc2 Nb4+ 47. Kb3 Kd7 48. Bxc5 dxc5 49. Nxc5+ Kc7 50. Ne6+ 1-0

[Event "4 Laender-Cup (Women)"]
[Site "Halle"]
[Date "2001.??.??"]
[Round "2.1"]
[White "Blazkova, Petra"]
[Black "Graf, Rena"]
[Result "1-0"]
[WhiteElo "2202"]
[BlackElo "2302"]
[PlyCount "62"]
[EventDate "2001.09.28"]
[EventType "team-tourn"]
[EventRounds "6"]
[EventCountry "GER"]
[SourceTitle "EXT 2002"]
[Source "ChessBase"]
[SourceDate "2001.11.25"]
[SourceVersion "1"]
[SourceVersionDate "2001.11.25"]
[SourceQuality "1"]
[WhiteTeam "Czech Republic (W)"]
[BlackTeam "Germany (W)"]
[WhiteTeamCountry "CSR"]
[BlackTeamCountry "GER"]

1. e4 e6 2. d4 d5 3. Nd2 a6 4. Ngf3 c5 5. dxc5 Bxc5 6. Bd3 Nc6 7. c3 Nge7 8. 0-0 0-0 9. Qe2 Bb6 10. Nb3 Ng6 11. Bg5 f6 12. exd5 exd5 13. Be3 Bc7 14. Rad1 Bg4 15. Bc4 Bxh2+ 16. Kh1 Nce7 17. Bc5 Bb8 18. Rd4 Bxf3 19. Qxf3 Qc7 20. Bxd5+ Kh8 21. g3 Nxd5 22. Bxf8 Nxc3 23. Bd6 Qc8 24. bxc3 Bxd6 25. Rxd6 Ne5 26. Qg2 Qxc3 27. Rfd1 Qc7 28. Qd5 Nc6 29. Rd7 Qb6 30. Qc5 Qxc5 31. Nxc5 b5 1-0

[Event "BL 0001 (Women)"]
[Site "Germany"]
[Date "2001.??.??"]
[Round "9.3"]
[White "Korenova, Martina"]
[Black "Graf, Rena"]
[Result "1/2-1/2"]
[WhiteElo "2268"]
[BlackElo "2348"]
[PlyCount "67"]
[EventDate "2000.10.??"]
[EventType "team-tourn"]
[EventRounds "11"]
[EventCountry "GER"]
[SourceTitle "CBM 082 Extra"]
[Source "ChessBase"]
[SourceDate "2001.07.03"]
[SourceVersion "1"]
[SourceVersionDate "2001.07.03"]
[SourceQuality "1"]
[WhiteTeam "Rodewisch (W)"]
[BlackTeam "Dresden (W)"]
[WhiteTeamCountry "GER"]
[BlackTeamCountry "GER"]

1. e4 e6 2. d4 d5 3. Nd2 a6 4. Ngf3 c5 5. exd5 exd5 6. dxc5 Bxc5 7. Nb3 Bb6 8. Be2 Nf6 9. 0-0 0-0 10. Bg5 h6 11. Bh4 Nc6 12. c3 Re8 13. Re1 Bg4 14. Nfd4 Bxe2 15. Rxe2 Ne5 16. Qe1 Nd3 17. Rxe8+ Qxe8 18. Qd2 Bxd4 19. Qxd3 Be5 20. Bxf6 Bxf6 21. Qxd5 Rd8 22. Qxb7 Qe2 23. Nd4 Bxd4 24. cxd4 Rxd4 25. Qc8+ Kh7 26. Qf5+ Kg8 27. g3 Qxb2 28. Rb1 Qd2 29. Qc8+ Kh7 30. Qf5+ Kg8 31. Qc8+ Kh7 32. Qxa6 Qc2 33. Qb5 Rd2 34. Rf1 1/2-1/2

[Event "4 Laender-Cup (Women)"]
[Site "Halle"]
[Date "2001.??.??"]
[Round "6.1"]
[White "Peng, Zhaoqin"]
[Black "Graf, Rena"]
[Result "1-0"]
[WhiteElo "2401"]
[BlackElo "2302"]
[PlyCount "39"]
[EventDate "2001.09.28"]
[EventType "team-tourn"]
[EventRounds "6"]
[EventCountry "GER"]
[SourceTitle "EXT 2002"]
[Source "ChessBase"]
[SourceDate "2001.11.25"]
[SourceVersion "1"]
[SourceVersionDate "2001.11.25"]
[SourceQuality "1"]
[WhiteTeam "Netherlands (W)"]
[BlackTeam "Germany (W)"]
[WhiteTeamCountry "NED"]
[BlackTeamCountry "GER"]

1. d4 d5 2. c4 dxc4 3. e3 Nf6 4. Bxc4 e6 5. Nf3 c5 6. 0-0 a6 7. Bb3 b6 8. e4 Nxe4 9. d5 Qf6 10. Re1 Nd6 11. Nc3 Bb7 12. Bg5 Qf5 13. Re5 Qg4 14. h3 Qh5 15. Bf4 Nf5 16. dxe6 f6 17. Rxf5 Qxf5 18. Bxb8 Bc8 19. g4 Qg6 20. Qd5 1-0

[Event "Dubai op"]
[Site "Dubai"]
[Date "2000.05.05"]
[Round "7"]
[White "Sharif, Mershad"]
[Black "Graf, Rena"]
[Result "1/2-1/2"]
[WhiteElo "2491"]
[BlackElo "2323"]
[PlyCount "103"]
[EventDate "2000.04.28"]
[EventType "swiss"]
[EventRounds "9"]
[EventCountry "UAE"]
[SourceTitle "EXT 2001"]
[Source "ChessBase"]
[SourceDate "2000.11.22"]
[SourceVersion "1"]
[SourceVersionDate "2000.11.22"]
[SourceQuality "1"]

1. Nf3 d5 2. c4 d4 3. g3 Nc6 4. Bg2 e5 5. d3 Bd6 6. 0-0 Nge7 7. Na3 0-0 8. Nc2 f6 9. a3 a5 10. b3 Bg4 11. h3 Be6 12. Bd2 Qd7 13. h4 Bh3 14. b4 Bxg2 15. Kxg2 b6 16. Qb1 Ng6 17. Qb3 Kh8 18. h5 Nge7 19. Rh1 Ra7 20. c5 bxc5 21. b5 Nd8 22. a4 Nc8 23. Nh4 Qf7 24. Qxf7 Rxf7 25. Na3 Nb6 26. Rhc1 Nb7 27. Nc4 Kg8 28. Nf5 Bf8 29. e4 Rd7 30. f4 g6 31. hxg6 hxg6 32. Nh4 Nxc4 33. Rxc4 Nd6 34. Rxc5 Nxe4 35. Rc2 Nc5 36. fxe5 fxe5 37. Nxg6 Nxd3 38. Nxf8 Kxf8 39. Kf3 Re7 40. Bh6+ Ke8 41. Ke4 Nb4 42. Rc5 c6 43. bxc6 Rac7 44. Rac1 Na2 45. Rf1 Re6 46. Rxe5 Rcxc6 47. Bd2 Nc3+ 48. Kf5 Rxe5+ 49. Kxe5 Nxa4 50. Kxd4 Rd6+ 51. Ke3 Nb6 52. Rc1 1/2-1/2

[Event "Dubai op"]
[Site "Dubai"]
[Date "2000.05.04"]
[Round "6"]
[White "Graf, Rena"]
[Black "Shariyazdanov, Andrey"]
[Result "1/2-1/2"]
[WhiteElo "2323"]
[BlackElo "2612"]
[PlyCount "96"]
[EventDate "2000.04.28"]
[EventType "swiss"]
[EventRounds "9"]
[EventCountry "UAE"]
[SourceTitle "EXT 2001"]
[Source "ChessBase"]
[SourceDate "2000.11.22"]
[SourceVersion "1"]
[SourceVersionDate "2000.11.22"]
[SourceQuality "1"]

1. d4 Nf6 2. c4 e6 3. Nc3 Bb4 4. e3 b6 5. Nge2 c5 6. a3 Ba5 7. Rb1 Na6 8. Ng3 Bb7 9. Bd2 0-0 10. Bd3 d5 11. cxd5 cxd4 12. exd4 Bxc3 13. bxc3 Qxd5 14. Qe2 Nb8 15. f3 Qa2 16. 0-0 Qxa3 17. f4 Nbd7 18. c4 Qd6 19. Bc3 Rfe8 20. Rbd1 Rac8 21. Ra1 a6 22. Qb2 Qc6 23. Rac1 a5 24. Rf2 Qd6 25. d5 exd5 26. Nf5 Qf8 27. cxd5 Bxd5 28. Bb5 Be6 29. Nxg7 Qxg7 30. f5 Qg5 31. fxe6 Rxe6 32. Rcf1 Rc5 33. Bxd7 Nxd7 34. Bd4 Rb5 35. Qc3 Rg6 36. Qc4 Qd5 37. Qc8+ Nf8 38. Qe8 Rb4 39. Ba1 Rbg4 40. g3 f5 41. Qc8 Rc4 42. Qb8 Qc5 43. Bb2 b5 44. Kh1 Qd5+ 45. Kg1 Qc5 46. Kh1 Qc6+ 47. Kg1 Rc5 48. Qd8 Qd7 1/2-1/2

[Event "Chania op 9th"]
[Site "Chania"]
[Date "1999.08.08"]
[Round "6"]
[White "Koukoufikis, Alexandros"]
[Black "Graf, Rena"]
[Result "0-1"]
[WhiteElo "2201"]
[BlackElo "2352"]
[PlyCount "58"]
[EventDate "1999.08.03"]
[EventType "swiss"]
[EventRounds "9"]
[EventCountry "GRE"]
[SourceTitle "EXT 2000"]
[Source "ChessBase"]
[SourceDate "1999.11.16"]
[SourceVersion "1"]
[SourceVersionDate "1999.11.16"]
[SourceQuality "1"]

1. g3 d5 2. Bg2 c6 3. d3 Bg4 4. h3 Bh5 5. b3 e5 6. Bb2 f6 7. Nf3 Bd6 8. 0-0 Ne7 9. c4 Nd7 10. Nbd2 0-0 11. e4 d4 12. Qc2 a5 13. a3 c5 14. Nh4 Bc7 15. f4 exf4 16. gxf4 Qb8 17. b4 Bxf4 18. bxc5 Be3+ 19. Kh1 g6 20. Nb3 Nc6 21. Bf3 Qg3 22. Bxh5 Qxh4 23. Bg4 Nde5 24. Be6+ Kg7 25. Bc1 a4 26. Bxe3 dxe3 27. d4 axb3 28. Qxb3 Qxe4+ 29. Kh2 Nxd4 0-1

[Event "Olympiad Women-33"]
[Site "Elista"]
[Date "1998.10.10"]
[Round "11"]
[White "Socko, Monika"]
[Black "Graf, Rena"]
[Result "1-0"]
[WhiteElo "2470"]
[BlackElo "2200"]
[PlyCount "117"]
[EventDate "1998.09.29"]
[EventType "team-swiss"]
[EventRounds "13"]
[EventCountry "RUS"]
[SourceTitle "CBM 066 Extra"]
[Source "ChessBase"]
[SourceDate "1998.11.06"]
[SourceVersion "1"]
[SourceVersionDate "1998.11.06"]
[SourceQuality "1"]

1. Nf3 d5 2. g3 c6 3. Bg2 Bg4 4. b3 Nd7 5. Bb2 f6 6. d4 e6 7. Nbd2 f5 8. c4 Bd6 9. 0-0 Ngf6 10. Ne5 0-0 11. Nxg4 Nxg4 12. e4 dxc4 13. Nxc4 Nb6 14. a4 Bc7 15. a5 Nxc4 16. bxc4 Bxa5 17. e5 Bb6 18. h3 Nh6 19. d5 Rc8 20. Ba3 Re8 21. c5 Ba5 22. d6 Qd7 23. Bb2 b6 24. Qa4 Nf7 25. Rfc1 Nd8 26. Bc3 Rf8 27. Bxa5 bxa5 28. Qxa5 Rf7 29. Rc4 Rb8 30. Rb4 Rxb4 31. Qxb4 Qc8 32. Ra4 Rb7 33. Qa3 Nf7 34. f4 Qd7 35. Kh2 Nd8 36. Ra6 h6 37. Qa4 Qf7 38. Qa2 Qd7 39. Bf3 Kh7 40. Qg2 Rb1 41. Qc2 Qb7 42. Ra2 Qb4 43. h4 Rb3 44. Bg2 Rc3 45. Qf2 a5 46. Rb2 Rb3 47. Rxb3 Qxb3 48. g4 a4 49. gxf5 exf5 50. Bh3 g6 51. h5 a3 52. hxg6+ Kg7 53. Qh4 Qc2+ 54. Bg2 Kxg6 55. Qxd8 a2 56. Qg8+ Kh5 57. d7 a1Q 58. Qf7+ Kg4 59. Qg6+ 1-0

[Event "Olympiad Women-33"]
[Site "Elista"]
[Date "1998.10.09"]
[Round "10"]
[White "Graf, Rena"]
[Black "Tsiganova, Monika"]
[Result "1/2-1/2"]
[WhiteElo "2200"]
[BlackElo "2335"]
[PlyCount "90"]
[EventDate "1998.09.29"]
[EventType "team-swiss"]
[EventRounds "13"]
[EventCountry "RUS"]
[SourceTitle "CBM 066 Extra"]
[Source "ChessBase"]
[SourceDate "1998.11.06"]
[SourceVersion "1"]
[SourceVersionDate "1998.11.06"]
[SourceQuality "1"]

1. d4 Nf6 2. c4 e6 3. Nc3 Bb4 4. e3 0-0 5. Nge2 d5 6. a3 Be7 7. cxd5 Nxd5 8. Bd2 Nd7 9. Ng3 N5f6 10. Bc4 c5 11. dxc5 Nxc5 12. 0-0 a6 13. Qe2 b5 14. Ba2 Bb7 15. Rfd1 Qd3 16. Be1 Qxe2 17. Ngxe2 Rfd8 18. Nd4 g6 19. b4 Ncd7 20. Nb3 Rac8 21. Na5 Ba8 22. Ne2 Nd5 23. Bb3 Bf6 24. Ra2 N7b6 25. e4 Ne7 26. Rxd8+ Rxd8 27. f3 Nc6 28. Nxc6 Bxc6 29. Rd2 Rxd2 30. Bxd2 Bb2 31. Bc1 Bxc1 32. Nxc1 Kf8 33. Kf2 Ke7 34. Nd3 Nd7 35. Ke3 Kd6 36. g4 g5 37. f4 gxf4+ 38. Kxf4 f6 39. h4 h6 40. h5 Bb7 41. Ke3 Bc8 42. Kf4 Bb7 43. Bc2 Bc8 44. Bb3 Bb7 45. Ba2 Bc8 1/2-1/2

[Event "Olympiad Women-33"]
[Site "Elista"]
[Date "1998.10.07"]
[Round "9"]
[White "Botsari, Anna Maria"]
[Black "Graf, Rena"]
[Result "1/2-1/2"]
[WhiteElo "2300"]
[BlackElo "2200"]
[PlyCount "78"]
[EventDate "1998.09.29"]
[EventType "team-swiss"]
[EventRounds "13"]
[EventCountry "RUS"]
[SourceTitle "CBM 066 Extra"]
[Source "ChessBase"]
[SourceDate "1998.11.06"]
[SourceVersion "1"]
[SourceVersionDate "1998.11.06"]
[SourceQuality "1"]

1. d4 d5 2. c4 dxc4 3. Nf3 Nf6 4. e3 e6 5. Bxc4 c5 6. 0-0 a6 7. b3 b5 8. Be2 Nbd7 9. Bb2 Bb7 10. Nbd2 Be7 11. a4 b4 12. Nc4 0-0 13. Nfe5 cxd4 14. Bxd4 Nc5 15. a5 Nd5 16. Qc2 f6 17. Nf3 Rc8 18. Rfd1 Qe8 19. Rac1 Qg6 20. Qxg6 hxg6 21. Nfd2 Rfd8 22. g3 e5 23. Ba1 Rc7 24. e4 Nc3 25. Bxc3 bxc3 26. Rxc3 Nxe4 27. Nxe4 Rxd1+ 28. Bxd1 Bxe4 29. Re3 Bd5 30. Rd3 Bc6 31. Be2 Bb5 32. Rd5 Bb4 33. Rd8+ Kf7 34. Nd6+ Bxd6 35. Bxb5 Ke7 36. Re8+ Kf7 37. Rd8 Ke7 38. Re8+ Kf7 39. Rd8 Ke7 1/2-1/2

[Event "Olympiad Women-33"]
[Site "Elista"]
[Date "1998.10.06"]
[Round "8"]
[White "Graf, Rena"]
[Black "Reizniece Ozola, Dana"]
[Result "1-0"]
[WhiteElo "2200"]
[BlackElo "2170"]
[PlyCount "69"]
[EventDate "1998.09.29"]
[EventType "team-swiss"]
[EventRounds "13"]
[EventCountry "RUS"]
[SourceTitle "CBM 066 Extra"]
[Source "ChessBase"]
[SourceDate "1998.11.06"]
[SourceVersion "1"]
[SourceVersionDate "1998.11.06"]
[SourceQuality "1"]

1. d4 Nf6 2. c4 g6 3. Nc3 Bg7 4. e4 d6 5. f3 0-0 6. Be3 a6 7. Nge2 Nbd7 8. Qd2 c5 9. d5 b5 10. cxb5 Qa5 11. Nc1 Ne5 12. Nb3 Qb6 13. a4 axb5 14. Nxb5 Bd7 15. Be2 Ne8 16. Ra3 Bxb5 17. Bxb5 Rxa4 18. Bxa4 Nc4 19. Qe2 Nxb2 20. Qb5 Nxa4 21. Qxa4 Nc7 22. 0-0 Bb2 23. Nd2 Bxa3 24. Qxa3 Qb5 25. Qc3 Ra8 26. Ra1 Rxa1+ 27. Qxa1 Qd3 28. Bh6 f6 29. Qa7 Qd4+ 30. Kf1 g5 31. Qb8+ Kf7 32. Qf8+ Kg6 33. Qg7+ Kh5 34. g4+ Kh4 35. Bxg5+ 1-0

[Event "Olympiad Women-33"]
[Site "Elista"]
[Date "1998.09.30"]
[Round "2"]
[White "Graf, Rena"]
[Black "Hoang, Thanh Trang"]
[Result "1/2-1/2"]
[WhiteElo "2200"]
[BlackElo "2350"]
[PlyCount "57"]
[EventDate "1998.09.29"]
[EventType "team-swiss"]
[EventRounds "13"]
[EventCountry "RUS"]
[SourceTitle "CBM 066 Extra"]
[Source "ChessBase"]
[SourceDate "1998.11.06"]
[SourceVersion "1"]
[SourceVersionDate "1998.11.06"]
[SourceQuality "1"]

1. d4 f5 2. g3 g6 3. Bg2 Nf6 4. Nh3 Bg7 5. 0-0 d6 6. d5 0-0 7. c4 c6 8. Nc3 e5 9. dxe6 Bxe6 10. Qb3 Qb6 11. Ng5 Bf7 12. Nxf7 Rxf7 13. Bf4 Rd7 14. Nb5 Kh8 15. Nxd6 Qxb3 16. axb3 Nh5 17. c5 Nxf4 18. gxf4 Bxb2 19. Ra2 Bd4 20. b4 a5 21. Nc4 Ra6 22. Nxa5 b6 23. cxb6 Rxb6 24. Rc2 Rxb4 25. e3 Bf6 26. Nxc6 Nxc6 27. Rxc6 Bh4 28. Rc2 Rb8 29. Bf3 1/2-1/2

[Event "Kavala op 08th"]
[Site "Kavala"]
[Date "1998.08.15"]
[Round "5"]
[White "Milanovic, Danilo"]
[Black "Graf, Rena"]
[Result "1-0"]
[WhiteElo "2420"]
[BlackElo "2200"]
[PlyCount "87"]
[EventDate "1998.08.??"]
[EventType "swiss"]
[EventRounds "9"]
[EventCountry "GRE"]
[SourceTitle "EXT 2004"]
[Source "ChessBase"]
[SourceDate "2003.11.25"]
[SourceVersion "1"]
[SourceVersionDate "2003.11.25"]
[SourceQuality "1"]

1. c4 e5 2. Nc3 d6 3. Nf3 f5 4. d4 e4 5. Ng5 Be7 6. Nh3 Nf6 7. Nf4 c6 8. e3 0-0 9. h4 Na6 10. Rb1 Ng4 11. h5 Nc7 12. d5 c5 13. a3 Bh4 14. g3 Bf6 15. Bd2 Ne5 16. Be2 b6 17. b4 Bd7 18. Kf1 Ne8 19. Qb3 Rc8 20. Kg2 Qe7 21. b5 Nf7 22. a4 Be5 23. a5 Nf6 24. Ra1 Rc7 25. axb6 axb6 26. Ra6 Rb7 27. Rha1 Nh6 28. Qd1 Nhg4 29. Qh1 Bxf4 30. gxf4 Be8 31. Ra8 Bxh5 32. Rxf8+ Qxf8 33. Ra6 Qe8 34. Qh4 h6 35. Kf1 Kh7 36. Na4 g5 37. Qg3 Qb8 38. Bc3 Bg6 39. fxg5 hxg5 40. Qh3+ Kg8 41. Bxg4 Rh7 42. Qg3 Nxg4 43. Rxb6 Qa8 44. Qxd6 1-0

[Event "Asia-ch (Women)"]
[Site "Genting Highlands"]
[Date "1998.??.??"]
[Round "?"]
[White "Graf, Rena"]
[Black "Nguyen, Thi Dung Than"]
[Result "1-0"]
[WhiteElo "2185"]
[BlackElo "2150"]
[PlyCount "121"]
[EventDate "1998.04.??"]
[EventType "swiss"]
[EventRounds "11"]
[EventCountry "MAS"]
[SourceTitle "EXT 1999"]
[Source "ChessBase"]
[SourceDate "1998.11.16"]
[SourceVersion "1"]
[SourceVersionDate "1998.11.16"]
[SourceQuality "1"]

1. d4 d5 2. c4 e6 3. Nc3 Nf6 4. cxd5 Nxd5 5. e4 Nb6 6. Nf3 Be7 7. Bd3 0-0 8. 0-0 c5 9. d5 exd5 10. exd5 Bg4 11. Bc2 g6 12. h3 Bd7 13. Ne4 Bb5 14. d6 Bf6 15. Nxf6+ Qxf6 16. Bg5 Qg7 17. Re1 N8d7 18. a4 Bc6 19. a5 Nc4 20. b3 Nce5 21. Nxe5 Nxe5 22. Qd2 Rfe8 23. f4 Nd7 24. f5 gxf5 25. Bxf5 Ne5 26. Kh2 f6 27. Bh6 Qf7 28. Re3 Kh8 29. Rf1 Qh5 30. d7 Rg8 31. Rg3 Nf7 32. Be3 Rxg3 33. Kxg3 Rg8+ 34. Bg4 Qg6 35. Kh2 h5 36. Bf3 Bxf3 37. Rxf3 Ne5 38. Rf1 Nxd7 39. Rf2 Ne5 40. Bxc5 Nd3 41. Bxa7 Qg3+ 42. Kg1 Re8 43. Rxf6 Re1+ 44. Rf1 Ne5 45. Bd4 Kg8 46. Bxe5 Rxf1+ 47. Kxf1 Qxe5 48. Qd8+ Kg7 49. Qd7+ Kg6 50. Qxb7 Qxa5 51. Qc6+ Kg5 52. Qd7 Kf4 53. Qd4+ Kg5 54. b4 Qa2 55. Kg1 Qe2 56. Kh2 Kf5 57. Qd5+ Kg6 58. b5 Qe1 59. Qd6+ Kg5 60. b6 Qe4 61. Qc7 1-0

[Event "Asia-ch (Women)"]
[Site "Genting Highlands"]
[Date "1998.??.??"]
[Round "?"]
[White "Graf, Rena"]
[Black "Phan Koshnitsky, Ngan"]
[Result "1-0"]
[WhiteElo "2185"]
[BlackElo "2115"]
[PlyCount "76"]
[EventDate "1998.04.??"]
[EventType "swiss"]
[EventRounds "11"]
[EventCountry "MAS"]
[SourceTitle "EXT 1999"]
[Source "ChessBase"]
[SourceDate "1998.11.16"]
[SourceVersion "1"]
[SourceVersionDate "1998.11.16"]
[SourceQuality "1"]

1. d4 Nf6 2. c4 g6 3. Nc3 Bg7 4. e4 d6 5. f3 0-0 6. Be3 c6 7. Nge2 Nbd7 8. Qd2 a6 9. c5 dxc5 10. dxc5 Qa5 11. a3 Ne5 12. b4 Qc7 13. Nd4 Rd8 14. Rd1 Bd7 15. h3 Be8 16. f4 Ned7 17. e5 Nxe5 18. fxe5 Qxe5 19. Be2 Qc7 20. Qc1 e5 21. Nb3 Nd5 22. Ne4 Bd7 23. 0-0 f5 24. Nd6 Be6 25. Na5 Rab8 26. Nac4 Nxe3 27. Qxe3 e4 28. g4 Rf8 29. Rf2 Rbd8 30. Na5 Rb8 31. Bc4 Bxc4 32. Naxc4 Qd7 33. Qb3 Kh8 34. gxf5 gxf5 35. Nxf5 Rfe8 36. Nfd6 h5 37. Nf7+ Qxf7 38. Rxf7 Be5 1-0

[Event "Recklinghausen op"]
[Site "Recklinghausen"]
[Date "1998.??.??"]
[Round "?"]
[White "Hoffmann, Michael"]
[Black "Graf, Rena"]
[Result "1/2-1/2"]
[WhiteElo "2440"]
[BlackElo "2185"]
[PlyCount "59"]
[EventDate "1998.??.??"]
[EventType "swiss"]
[EventRounds "9"]
[EventCountry "GER"]
[SourceTitle "EXT 1999"]
[Source "ChessBase"]
[SourceDate "1998.11.16"]
[SourceVersion "1"]
[SourceVersionDate "1998.11.16"]
[SourceQuality "1"]

1. Nf3 d5 2. c4 dxc4 3. Qa4+ Nc6 4. Ne5 Bd7 5. Nxd7 Qxd7 6. Qxc4 e5 7. g3 Bd6 8. Bg2 Nge7 9. 0-0 h5 10. Nc3 h4 11. b4 Bxb4 12. Rb1 Ba5 13. Ba3 Bb6 14. Ne4 hxg3 15. hxg3 Qd4 16. Qb3 Na5 17. Qc2 Nec6 18. Nc5 Qg4 19. e3 0-0-0 20. Rfc1 Rh6 21. Nxb7 Kxb7 22. Bb4 f5 23. Bxa5 e4 24. Rb3 Rdh8 25. Bxb6 axb6 26. d3 Qf3 27. Bxf3 exf3 28. Qxc6+ Rxc6 29. Rxc6 Kxc6 30. Rb4 1/2-1/2

[Event "Asia-ch (Women)"]
[Site "Genting Highlands"]
[Date "1998.??.??"]
[Round "?"]
[White "Le, Thi Phuong Lien"]
[Black "Graf, Rena"]
[Result "1/2-1/2"]
[WhiteElo "2125"]
[BlackElo "2185"]
[PlyCount "103"]
[EventDate "1998.04.??"]
[EventType "swiss"]
[EventRounds "11"]
[EventCountry "MAS"]
[SourceTitle "EXT 1999"]
[Source "ChessBase"]
[SourceDate "1998.11.16"]
[SourceVersion "1"]
[SourceVersionDate "1998.11.16"]
[SourceQuality "1"]

1. e4 e6 2. d4 d5 3. Nd2 c5 4. c3 cxd4 5. cxd4 Nc6 6. Ngf3 Bb4 7. Bd3 dxe4 8. Bxe4 Nf6 9. 0-0 0-0 10. Bxc6 bxc6 11. Qa4 Qb6 12. Ne5 Bb7 13. a3 Be7 14. Ndf3 Qb5 15. Qc2 c5 16. dxc5 Qxc5 17. Qxc5 Bxc5 18. b4 Be7 19. Be3 Nd5 20. Bc5 Bxc5 21. bxc5 f6 22. Rfb1 Ba6 23. Nc6 Nc3 24. Rb3 Ne4 25. Rc1 Rf7 26. Re3 f5 27. Ncd4 Rb7 28. Ne5 Rc7 29. c6 Bc8 30. Rd1 Ba6 31. f3 Nc5 32. Rc1 Rd8 33. Nd7 Nd3 34. Nxe6 Rdxd7 35. Rc3 Re7 36. g4 Rc8 37. gxf5 Nb2 38. Re5 Nc4 39. Rc5 Nb6 40. Ra5 Bc4 41. Nd4 Re1+ 42. Kf2 Rd1 43. Ne6 a6 44. a4 Rd6 45. c7 g6 46. Ng5 Rxc7 47. Rxa6 gxf5 48. a5 Rd2+ 49. Kg3 f4+ 50. Kg4 h5+ 51. Kxh5 Rg7 52. Nf7 1/2-1/2